<?xml version="1.0" encoding="UTF-8"?>
<record
    xmlns:xsi="http://www.w3.org/2001/XMLSchema-instance"
    xsi:schemaLocation="http://www.loc.gov/MARC21/slim http://www.loc.gov/standards/marcxml/schema/MARC21slim.xsd"
    xmlns="http://www.loc.gov/MARC21/slim">

  <leader>00352nam a2200145Ia 4500</leader>
  <controlfield tag="008">191201s2008    xx            000 0 und d</controlfield>
  <datafield tag="082" ind1=" " ind2=" ">
    <subfield code="a">658.4</subfield>
    <subfield code="b">AGB</subfield>
  </datafield>
  <datafield tag="100" ind1=" " ind2=" ">
    <subfield code="a">AGGARWAL,Rohini</subfield>
  </datafield>
  <datafield tag="245" ind1=" " ind2="0">
    <subfield code="a">Business Communication and Organisation</subfield>
  </datafield>
  <datafield tag="250" ind1=" " ind2=" ">
    <subfield code="a">2nd Rep</subfield>
  </datafield>
  <datafield tag="260" ind1=" " ind2=" ">
    <subfield code="a">N. Delhi</subfield>
    <subfield code="b">Taxmann,s</subfield>
    <subfield code="c">2008</subfield>
  </datafield>
  <datafield tag="300" ind1=" " ind2=" ">
    <subfield code="a">MISC</subfield>
  </datafield>
  <datafield tag="650" ind1=" " ind2=" ">
    <subfield code="a">BBA</subfield>
  </datafield>
  <datafield tag="942" ind1=" " ind2=" ">
    <subfield code="2">ddc</subfield>
    <subfield code="c">BK</subfield>
  </datafield>
  <datafield tag="999" ind1=" " ind2=" ">
    <subfield code="c">4464</subfield>
    <subfield code="d">4464</subfield>
  </datafield>
  <datafield tag="952" ind1=" " ind2=" ">
    <subfield code="0">0</subfield>
    <subfield code="1">0</subfield>
    <subfield code="2">ddc</subfield>
    <subfield code="4">0</subfield>
    <subfield code="7">0</subfield>
    <subfield code="8">BBA</subfield>
    <subfield code="a">PIET</subfield>
    <subfield code="b">PIET</subfield>
    <subfield code="d">2010-04-26</subfield>
    <subfield code="e">J B C, New Delhi</subfield>
    <subfield code="g">295.00</subfield>
    <subfield code="k">SI-4892</subfield>
    <subfield code="l">0</subfield>
    <subfield code="o">658.4 AGB</subfield>
    <subfield code="p">15097</subfield>
    <subfield code="r">2019-12-04 00:00:00</subfield>
    <subfield code="w">2010-04-09</subfield>
    <subfield code="y">BK</subfield>
  </datafield>
  <datafield tag="952" ind1=" " ind2=" ">
    <subfield code="0">0</subfield>
    <subfield code="1">0</subfield>
    <subfield code="2">ddc</subfield>
    <subfield code="4">0</subfield>
    <subfield code="7">0</subfield>
    <subfield code="8">BBA</subfield>
    <subfield code="a">PIET</subfield>
    <subfield code="b">PIET</subfield>
    <subfield code="d">2010-04-26</subfield>
    <subfield code="e">J B C, New Delhi</subfield>
    <subfield code="g">295.00</subfield>
    <subfield code="k">SI-4892</subfield>
    <subfield code="l">2</subfield>
    <subfield code="o">658.4 AGB</subfield>
    <subfield code="p">15098</subfield>
    <subfield code="r">2023-05-08 00:00:00</subfield>
    <subfield code="s">2023-04-21</subfield>
    <subfield code="w">2010-04-09</subfield>
    <subfield code="y">BK</subfield>
  </datafield>
  <datafield tag="952" ind1=" " ind2=" ">
    <subfield code="0">0</subfield>
    <subfield code="1">0</subfield>
    <subfield code="2">ddc</subfield>
    <subfield code="4">0</subfield>
    <subfield code="7">0</subfield>
    <subfield code="8">BBA</subfield>
    <subfield code="a">PIET</subfield>
    <subfield code="b">PIET</subfield>
    <subfield code="d">2010-04-26</subfield>
    <subfield code="e">J B C, New Delhi</subfield>
    <subfield code="g">295.00</subfield>
    <subfield code="k">SI-4892</subfield>
    <subfield code="l">3</subfield>
    <subfield code="o">658.4 AGB</subfield>
    <subfield code="p">15099</subfield>
    <subfield code="r">2024-05-29 00:00:00</subfield>
    <subfield code="s">2024-05-27</subfield>
    <subfield code="w">2010-04-09</subfield>
    <subfield code="y">BK</subfield>
  </datafield>
  <datafield tag="952" ind1=" " ind2=" ">
    <subfield code="0">0</subfield>
    <subfield code="1">0</subfield>
    <subfield code="2">ddc</subfield>
    <subfield code="4">0</subfield>
    <subfield code="7">0</subfield>
    <subfield code="8">BBA</subfield>
    <subfield code="a">PIET</subfield>
    <subfield code="b">PIET</subfield>
    <subfield code="d">2010-04-26</subfield>
    <subfield code="e">J B C, New Delhi</subfield>
    <subfield code="g">295.00</subfield>
    <subfield code="k">SI-4892</subfield>
    <subfield code="l">5</subfield>
    <subfield code="o">658.4 AGB</subfield>
    <subfield code="p">15100</subfield>
    <subfield code="r">2023-05-11 00:00:00</subfield>
    <subfield code="s">2023-04-26</subfield>
    <subfield code="w">2010-04-09</subfield>
    <subfield code="y">BK</subfield>
    <subfield code="z">.</subfield>
  </datafield>
  <datafield tag="952" ind1=" " ind2=" ">
    <subfield code="0">0</subfield>
    <subfield code="1">0</subfield>
    <subfield code="2">ddc</subfield>
    <subfield code="4">0</subfield>
    <subfield code="7">0</subfield>
    <subfield code="8">BBA</subfield>
    <subfield code="a">PIET</subfield>
    <subfield code="b">PIET</subfield>
    <subfield code="d">2010-04-26</subfield>
    <subfield code="e">J B C, New Delhi</subfield>
    <subfield code="g">295.00</subfield>
    <subfield code="k">SI-4892</subfield>
    <subfield code="l">2</subfield>
    <subfield code="o">658.4 AGB</subfield>
    <subfield code="p">15101</subfield>
    <subfield code="r">2023-05-15 00:00:00</subfield>
    <subfield code="s">2023-05-01</subfield>
    <subfield code="w">2010-04-09</subfield>
    <subfield code="y">BK</subfield>
  </datafield>
  <datafield tag="952" ind1=" " ind2=" ">
    <subfield code="0">0</subfield>
    <subfield code="1">0</subfield>
    <subfield code="2">ddc</subfield>
    <subfield code="4">0</subfield>
    <subfield code="7">0</subfield>
    <subfield code="8">BBA</subfield>
    <subfield code="a">PIET</subfield>
    <subfield code="b">PIET</subfield>
    <subfield code="d">2010-04-26</subfield>
    <subfield code="e">J B C, New Delhi</subfield>
    <subfield code="g">295.00</subfield>
    <subfield code="k">SI-4892</subfield>
    <subfield code="l">2</subfield>
    <subfield code="o">658.4 AGB</subfield>
    <subfield code="p">15102</subfield>
    <subfield code="r">2023-04-10 00:00:00</subfield>
    <subfield code="s">2023-03-29</subfield>
    <subfield code="w">2010-04-09</subfield>
    <subfield code="y">BK</subfield>
  </datafield>
</record>
